000 00456cam a2200193ua 4500
001 10668
005 20260515114640.0
008 190325n ii |||gr||||Z||||||eng
020 _a817273302x
040 _cMAIN
082 _a323.4
100 _aRahul Rai,
_eAuthor.
245 _aGlobalisation of human rights
250 _a1st rep.
260 _aDelhi:
_bAuthors press,
_c2008.
300 _a221p.
653 _aCivil & political rights
942 _cBK
999 _c9629
_d9629